Govt. of
Madhya Pradesh

Verelsts Rule In India (Record no. 34864)

MARC details
000 -LEADER
fixed length control field 004470000a22001690004500
003 - CONTROL NUMBER IDENTIFIER
control field MACL
005 - DATE AND TIME OF LATEST TRANSACTION
control field 20160804122803.0
008 - FIXED-LENGTH DATA ELEMENTS--GENERAL INFORMATION
fixed length control field 160804b xxu||||| |||| 00| 0 eng d
040 ## - CATALOGING SOURCE
Original cataloging agency MACL
Transcribing agency MACL
041 ## - LANGUAGE CODE
Language code of text/sound track or separate title English
082 ## - DEWEY DECIMAL CLASSIFICATION NUMBER
Classification number 954 CHA
100 ## - MAIN ENTRY--PERSONAL NAME
Personal name Chatterji, Nandalal
9 (RLIN) 26627
245 ## - TITLE STATEMENT
Title Verelsts Rule In India
Statement of responsibility, etc. Nandalal Chatterji
260 ## - PUBLICATION, DISTRIBUTION, ETC. (IMPRINT)
Name of publisher, distributor, etc. The Indian Press
Date of publication, distribution, etc. 1939
Place of publication, distribution, etc. Allahabad
650 ## - SUBJECT ADDED ENTRY--TOPICAL TERM
Topical term or geographic name as entry element History
9 (RLIN) 66154
942 ## - ADDED ENTRY ELEMENTS (KOHA)
Koha item type Books
Call number prefix 954/CHA
Source of classification or shelving scheme
Holdings
Withdrawn status Lost status Source of classification or shelving scheme Damaged status Not for loan Home library Current library Date acquired Total Checkouts Full call number Barcode Date last seen Uniform Resource Identifier Price effective from Koha item type
          MACL MACL 15/04/2015   954/CHA CLE008403 29/04/2015 35069 15/04/2015 Books